LEADER 04935nam 22006731 450 001 9910454520603321 005 20080905141155.0 010 $a1-4725-6428-6 010 $a1-281-76137-0 010 $a9786611761370 010 $a1-84731-414-7 024 7 $a10.5040/9781472564283 035 $a(CKB)1000000000691234 035 $a(EBL)361641 035 $a(OCoLC)560616851 035 $a(SSID)ssj0000156819 035 $a(PQKBManifestationID)12008570 035 $a(PQKBTitleCode)TC0000156819 035 $a(PQKBWorkID)10130072 035 $a(PQKB)10468511 035 $a(MiAaPQ)EBC1772432 035 $a(MiAaPQ)EBC361641 035 $a(UtOrBLW)bpp09256382 035 $a(Au-PeEL)EBL361641 035 $a(EXLCZ)991000000000691234 100 $a20140929d2008 uy 0 101 0 $aeng 135 $aur|n|---||||| 181 $ctxt 182 $cc 183 $acr 200 00$aForced migration, human rights and security /$fedited by Jane McAdam 205 $a1st ed. 210 1$aOxford ;$aPortland, Oregon :$cHart Publishing,$d2008. 215 $a1 online resource (316 p.) 225 1 $aStudies in international law ;$vv. 17 300 $aDescription based upon print version of record. 311 $a1-84113-770-7 320 $aIncludes bibliographical references and index. 327 $tForced migration : refugees, rights and security /$rGuy S. Goodwin-Gill --$tResolution 1373 : a call to pre-empt Asylum Seekers? (or 'Osama, the Asylum Seeker') /$rPenelope Mathew --$tNational security and 'non-refoulment' in New Zealand : commentary on 'Zaoui v Attorney-General (No 2)' /$rRodger Haines Q. C. --$tOffshore barriers to Asylum Seeker movement : the exercise of power without responsibility? /$rSavitri Taylor --$tThe legal and ethical implications of extraterritorial processing of Asylum Seekers : the 'safe third country' concept /$rSusan Kneebone --$tRe-thinking the paradigms of protection : children as convention refugees in Australia /$rMary Crock --$tWearing thin : restrictions on Islamic headscarves and other religious symbols /$rBen Saul --$tSubjectivity and refugee fact-finding /$rArthur Glass --$tTowards convergence in the interpretation of the refugee convention : a proposal for the establishment of an international judicial commission for refugees /$rAnthony M. North and Joyce Chia --$tThe refugee convention as a rights blueprint for persons in need of international protection /$rJane McAdam --$tThe responsibility to protect : closing the gaps in the international protection regime /$rErika Feller. 330 $a"The international protection regime for refugees and other forced migrants seems increasingly at risk as measures designed to enhance security-of borders, of people, of institutions, and of national identity-encroach upon human rights. This timely edited collection responds to some of the contemporary challenges faced by the international protection regime, with a particular focus on the human rights of those displaced. The book begins by assessing the impact of anti-terrorism laws on refugee status, both at the international and domestic levels, before turning to examine the function of offshore immigration control mechanisms and extraterritorial processing on asylum seekers' access to territory and entitlements (both procedural and substantive). It considers the particular needs and rights of children as forced migrants, but also as children; the role of human rights law in protecting religious minorities in the context of debates about national identity; the approaches of refugee decision-makers in assessing the credibility of evidence; and the scope for an international judicial commission to provide consistent interpretative guidance on refugee law, so as to overcome (or at least diminish) the currently diverse and sometimes conflicting approaches of national courts. The last part of the book examines the status of people who benefit from 'complementary protection'-such as those who cannot be removed from a country because they face a risk of torture or cruel, inhuman or degrading treatment or punishment-and the scope for the broader concept of the 'responsibility to protect' to address gaps in the international protection regime"--Bloomsbury Publishing. 410 0$aStudies in international law (Oxford, England) ;$vv. 17. 606 $aForced migration 606 $aHuman rights 606 $aRefugees$xLegal status, laws, etc 606 $2International human rights law 608 $aElectronic books. 615 0$aForced migration. 615 0$aHuman rights. 615 0$aRefugees$xLegal status, laws, etc. 676 $a341.486 686 $a86.81$2bcl 702 $aMcAdam$b Jane$f1974- 801 0$bUtOrBLW 801 1$bUtOrBLW 906 $aBOOK 912 $a9910454520603321 996 $aForced migration, human rights and security$92467600 997 $aUNINA LEADER 01761nam 2200397 n 450 001 996392799003316 005 20200824121750.0 035 $a(CKB)4940000000111119 035 $a(EEBO)2248509993 035 $a(UnM)99868142e 035 $a(UnM)99868142 035 $a(EXLCZ)994940000000111119 100 $a19940614d1649 uy | 101 0 $aeng 135 $aurbn||||a|bb| 200 14$aThe plainest directions for the true-writing of English, that ever was hithero publisht$b[electronic resource] $eespecially of such words whose sounds are altogether alike, and their signification although unlike: and of such whose sounds are so neer alike, that they are oftentimes take one for another. Whereunto are added divers useful tables. Invented by Richard Hodges, a wel-wisher to learning 210 $aLondon $cPrinted by William Du-gard for Thomas Euster at the Gun in Ivie-Lane$dMDCXLIX. [1649] 215 $a[4], 66, [2] p 300 $aAnnotation on Thomason copy: "June 29.". 300 $aReproduction of the original in the British Library. 330 $aeebo-0018 606 $aEnglish language$xOrthography and spelling$vEarly works to 1800 606 $aEnglish language$xWriting$vEarly works to 1800 606 $aEnglish language$xHomonyms$vEarly works to 1800 615 0$aEnglish language$xOrthography and spelling 615 0$aEnglish language$xWriting 615 0$aEnglish language$xHomonyms 700 $aHodges$b Richard$cSchool-Master.$0126611 801 0$bCu-RivES 801 1$bCu-RivES 801 2$bCStRLIN 801 2$bWaOLN 906 $aBOOK 912 $a996392799003316 996 $aThe plainest directions for the true-writing of English, that ever was hithero publisht$92390964 997 $aUNISA